Statistics for Name the FPS game by 3 words

Click here to take the quiz!

General Stats

  • This quiz has been taken 79 times
  • The average score is 6 of 9

Answer Stats

HintAnswer% Correct
Scoretreaks, Care Package, ZombiesCall of Duty
99%
I need healing, No Tank Hero, No Support HeroOverwatch
76%
WWI, Conquest, BehemothBattlefield 1
70%
Crate, StatTrak, FadeCounter-Strike: Global Offensive
61%
Robbers, Drill, MaskPayday 2
59%
Mech, Pilot, Multiplayer CampaignTitanfall
57%
Special Forces, Renown, Net CodeTom Clancy's Rainbow Six Siege
54%
Unusual, Hats, DustbowlTeam Fortress 2
49%
Scientist, Zombies, City 17Half-Life
44%

Score Distribution

Percentile by Number Answered

Percent of People with Each Score

Your Score History

You have not taken this quiz